000 00847nam a2200265 a 4500
001 000028900
003 DO-SdBNP
005 20240412140728.0
007 ta
008 240412s2006 dr 000 0 spa d
040 _aDO-SdBNP
_bspa
_cBNPHU
_erda
082 _bR426r
110 1 _aRepública Dominicana.
_bPoder Judicial
_bSuprema Corte de Justicia
_955712
240 1 0 _a[Leyes, etc]
245 1 0 _aReglamento de los tribunales superiores de tierras y de jurisdicción original de la jurisdicción inmobiliaria /.
260 _c2006
_f
264 _aSanto Domingo :
_bSuprema Corte de Justicia,
_bManatí,
_c2006
300 _a137 p. ;
_c23 cm.
336 _2rdacontent
_atexto
_btxt
337 _2rdamedia
_asin mediación
_bn
338 _2rdacarrier
_avolumen
_bnc
590 _aInventariado, 2024/DG
910 _aDG
942 _2ddc
_cLBS1
999 _c56379
_d56379